000
00252nam a22001097a 4500
008
170126b xxu||||| |||| 00| 0 eng d
020
_a
9780323048422
041
_a
eng
080
_2
4th
_a
61
245
_a
HEALTH CAREERS TODAY
_c
GERDIN, J
942
_2
udc
_c
BK
999
_c
3754
_d
3754